00376nam a22001217a 4500020000800000040001600008082001800024100002200042245008800064250001300152260003000165300005900195 qHB. cFIZZA ISHAQ a510.2462bKRE a Kreyszig, Erwin. aAdvanced Engineering Mathematics, International Student Version /c Erwin Kreyszig. a10TH ED. aNEW YORK:b Wiley,c2011. a1001 X A1- A 97 index Incc 8.07 x 1.38 x 10.04 inches